00362nam a2200109Ia 4500008004100000020001400041040002900055050002300084100002200107245007800129260004500207221221s9999||||xx |||||||||||||| ||und|| a237507862 cChuka University Library aLB 2845 bI57 1983 aPeter Canham(ed.) 0aINSPECTORS'HANDBOOK:A Guide for primary school inspection and supervision aEvans brothers publishersbNigeriac1983